000 00389nam a22001697a 4500
005 20170919161025.0
008 160905b xxu||||| |||| 00| 0 eng d
020 _a978-81-317-3383-7
041 _aeng
082 _a536.2
100 _aRUDRAMOOTHY,R
_93500
245 _aHEAT AND MASS TRANSFER
260 _bPEARSON
_c2011
300 _a458
650 _aENGINEERING
_93951
942 _cBK
999 _c5201
_d5199